000 00578nam a22001817a 4500
999 _c192075
_d192075
005 20220912104449.0
010 _aENG-135003
020 _c200.00
_a978-93-84566-04-3
035 _aEN-118535
037 _bDBAD/PUB
082 _a378.54147
100 _aChakraborty, Debdutta
245 _aMan and Nation: Monography series no.1/
_cDebdutta Chakraborty
260 _aKolkatta
_bInstitute of Social and Cultural Studies
_c2017
270 _a48/2, Dr. Suresh Sarkar Road
_bKolkatta
_e700014
300 _a136p.
_c21cm(pbk)
942 _2ddc
_cEN
_h378.54147
_mCHA